10 Biggest cities in Kazakhstan - letter A - Statistics

General Stats
  • This quiz has been taken 11 times
  • The average score is 4 of 10
Answer Stats
Population - 2021 Answer % Correct
~2,030,300 Almaty
100%
~1,234,000 Astana
100%
~251,900 Aktau
70%
~540,500 Aktobe
60%
~306,500 Atyrau
60%
~38,500 Ayagoz
10%
~29,000 Aksay
0%
~30,800 Aral
0%
~50,400 Arys
0%
~32,300 Atbasar
0%
No matching quizzes found
Score Distribution
Percent of People with Each Score
Percentile by Number Answered
Your Score History
You have not taken this quiz